01012nam a2200265 a 450000100100000000500170001000800410002702000150006804000250008308200170010810000270012524000390015224500910019126000590028230000210034150000210036250400330038353401000041665000210051665000290053770000330056604900090059995201210060899900170072900002125420240406073830.0100902s1996 mx r 001 0 spa d a9683649599 aDO-SdBNPbspacBNPHU a321.8bP558g1 aPhillips, Anne,94442510aEngendering democracy.lEspañol.10aGénero y teoría democrática / :bAnne Phillips ; traducción de Isabel Vericat. aMéxico :bUniversidad Autónoma de México,c1996. a183 p. ;c23 cm. aIncluye índice aBibliografía: p. (165-173) pTítulo original en inglés:tEngendering democracy.cOxford, England : Basil Blackwell, 1991 0aDemocracia 9286 4aFormas de gobierno927721 aVericat, Isabel,etr.944426 aBNGR 001052708MOaGRbGRcCTd2010-09-02iLF1l0o321.8 P558gp21254-10r2020-06-25w2020-06-25y2ZPréstamo interno c20754d20754